Crisis, dependencia y contradicciones de la psicología en América Latina

Bewaard in:
Bibliografische gegevens
Coauteurs: UNA. Departamento de Psicología, Escuela de Psicología
Formaat: Texto
Gepubliceerd in: San José :
Tags: Voeg label toe
Geen labels, Wees de eerste die dit record labelt!

MARC

LEADER 00000 a a2200000 04500
001 15936
003
040
090 |a 016300  
110 |a UNA. Departamento de Psicología  
245 |a Crisis, dependencia y contradicciones de la psicología en América Latina   |a UNA. Departamento de Psicología  
260 |a San José :  
300 |a 26 p.  
710 |a Escuela de Psicología  
999 |c 16742  |d 16742